000 00789nam a22001697a 4500
003 JO-AjAnu
005 20240917095935.0
008 240909b jo ||||| |||| 00| 0 ara d
040 _aJO-AjAnu
_bARA
_cJO-AjAnu
041 _hARA
100 _aالمركز الوطني لحقوق الإنسان
_eمعد
_966176
245 _aالتقرير السنوي العشرون لحالة حقوق الإنسان في المملكة الأردنية الهاشمية لعام 2023 م
_c/ اعداد المركز الوطني لحقوق الإنسان
260 _aعمان :
_bالمركز الوطني لحقوق الإنسان،
_c2024
300 _a189 صفحة
650 0 _vالأردن-حقوق الانسان-التقرير السنوي العشرون-2023م
_966204
942 _2lcc
_cREF
_n0
999 _c33667
_d33667